Účtovníctvo pre podnikateľov pre začínajúcich: Účtová trieda 0 - Investičný majetok

Rozbor investičného majetku z hľadiska praktického účtovania. Rozdiel medzi odpisom a oprávkou. Účtovanie o investičnom majetku. Obstaranie investičného majetku. Odpisovanie hmotného a nehmotného investičného majetku. Schéma účtovania odpisov. Praktické príklady.

Salvato in:
Dettagli Bibliografici
Autore principale: Kaletová, Viera
Natura: Capitolo di libro
Lingua:slovacco
Soggetti:
Tags: Aggiungi Tag
Nessun Tag, puoi essere il primo ad aggiungerne!!

MARC

LEADER 00000naa a2200000 4500
001 r039848
005 20231003083809.1
041 0 |a slo 
044 |a SK 
245 1 0 |a Účtovníctvo pre podnikateľov  |b pre začínajúcich: Účtová trieda 0 - Investičný majetok  |c Viera Kaletová 
520 |a Rozbor investičného majetku z hľadiska praktického účtovania. Rozdiel medzi odpisom a oprávkou. Účtovanie o investičnom majetku. Obstaranie investičného majetku. Odpisovanie hmotného a nehmotného investičného majetku. Schéma účtovania odpisov. Praktické príklady. 
610 2 0 |a účtovníctvo 
610 2 0 |a podnikatelia 
610 2 0 |a majetok investičný 
610 2 0 |a účtovanie 
610 2 0 |a odpisy 
610 2 0 |a odpisy účtovné 
610 2 0 |a prípady účtovné 
100 1 |a Kaletová, Viera